Normal view MARC view
  • Urooj Fatima

Entry Personal Name

Number of records used in: 1

001 - CONTROL NUMBER

  • control field: 70002

003 - CONTROL NUMBER IDENTIFIER

  • control field: NUST

005 - DATE AND TIME OF LATEST TRANSACTION

  • control field: 20210628204339.0

008 - FIXED-LENGTH DATA ELEMENTS

  • fixed length control field: 210628|| aca||aabn | a|a d

040 ## - CATALOGING SOURCE

  • Original cataloging agency: NUST
  • Transcribing agency: NUST

100 ## - HEADING--PERSONAL NAME

  • Personal name: Urooj Fatima

670 ## - SOURCE DATA FOUND

  • Source citation: Work cat.: (NUST): Urooj Fatima , TH-SOF-1381- DESIGN OF A PASSICE VACUMUM PUMP FOR CAVUMM ASSISTED LOWER LIMB SOCKET, 2017
© 2023 Central Library, National University of Sciences and Technology. All Rights Reserved.